| 000 | 00868cam a22001451 4500 | ||
|---|---|---|---|
| 082 |
_a387.5092 _bFRO |
||
| 100 | 1 |
_aLaughton, John Knox, _949821 |
|
| 245 | 1 | 0 |
_aFrom Howard to Nelson : _btwelve sailors, _ced. by John Knox Laughton ... With portraits and maps. |
| 260 |
_aLondon, _bLawrence and Bullen, ltd., _c1899. |
||
| 300 |
_aviii p., 3 l, [3]-476 p. _bfront., ports., maps. _c23 cm. |
||
| 505 | 0 | _aHoward, by J. K. Laughton.--Drake, by Sir F. G. D. Bedford.--Blake, by Montagu Burrows.--Rooke, by C. C. P. Fitzgerald.--Anson, by A. H. Markham.--Hawke, by Sir E. R. Fremantle.--Boscawen, by Sir E. R. Fremantle.--Rodney, by Sir R. V. Hamilton.--Howe, by T. S. Jackson.--Hood, by Sir R. V. Hamilton.--St. Vincent, by P. H. Colomb.--Nelson, by P. H. Colomb. | |
| 526 |
_a0 _b0 _c0 _d387_509200000000000_FRO |
||
| 650 | 0 |
_aAdmirals _zGreat Britain _949707 |
|
| 942 |
_2ddc _cBK |
||
| 999 |
_c552574 _d552574 |
||